[Event "Korbach op-A 2nd"]
[Site "Korbach"]
[Date "2008.10.12"]
[Round "7"]
[White "Aslan, Benjamin"]
[Black "Tchernyi, Andrei"]
[Result "0-1"]
[WhiteElo "1979"]
[BlackElo "2213"]
[PlyCount "43"]
[EventDate "2008.10.09"]
[EventType "swiss"]
[EventRounds "7"]
[EventCountry "GER"]
[SourceTitle "EXT 2010"]
[Source "ChessBase"]
[SourceDate "2010.11.25"]
[SourceVersion "1"]
[SourceVersionDate "2010.11.25"]
[SourceQuality "1"]

1. d4 d5 2. c4 c6 3. Nf3 Nf6 4. Qc2 e6 5. g3 Ne4 6. Nbd2 f5 7. Ne5 Bd6 8. Ndf3 Qa5+ 9. Bd2 Nxd2 10. Nxd2 Bxe5 11. dxe5 dxc4 12. f4 b5 13. Bg2 Qb6 14. a4 Bb7 15. b3 c5 16. Bxb7 Qxb7 17. 0-0 a6 18. axb5 axb5 19. Rxa8 Qxa8 20. bxc4 b4 21. Nb3 0-0 22. Nxc5 0-1

[Event "Korbach op-A 2nd"]
[Site "Korbach"]
[Date "2008.10.11"]
[Round "5"]
[White "Kearns, Christopher"]
[Black "Tchernyi, Andrei"]
[Result "0-1"]
[WhiteElo "1964"]
[BlackElo "2213"]
[PlyCount "92"]
[EventDate "2008.10.09"]
[EventType "swiss"]
[EventRounds "7"]
[EventCountry "GER"]
[SourceTitle "EXT 2010"]
[Source "ChessBase"]
[SourceDate "2010.11.25"]
[SourceVersion "1"]
[SourceVersionDate "2010.11.25"]
[SourceQuality "1"]

1. e4 c5 2. Nf3 Nc6 3. d4 cxd4 4. Nxd4 Nf6 5. Nc3 e6 6. Ndb5 d6 7. Bf4 e5 8. Bg5 a6 9. Na3 Be6 10. Nd5 Bxd5 11. exd5 Qa5+ 12. c3 Qxd5 13. Qxd5 Nxd5 14. 0-0-0 Nc7 15. Nc4 f6 16. Be3 d5 17. Bb6 0-0-0 18. Na5 Nxa5 19. Bxa5 Bc5 20. Bxc7 Kxc7 21. f3 e4 22. fxe4 dxe4 23. Be2 Be3+ 24. Kc2 f5 25. g3 g5 26. Bc4 f4 27. Bd5 Rhe8 28. Rhe1 Rxd5 29. Rxd5 Bf2 30. Re2 Bg1 31. gxf4 gxf4 32. Rg5 Be3 33. Rxe3 fxe3 34. Rg3 Kd6 35. Rxe3 Ke5 36. Kd2 Kf4 37. Rh3 Rg8 38. Rh4+ Kf3 39. Rxh7 Rg2+ 40. Kd1 Rxb2 41. h4 b5 42. h5 Rxa2 43. h6 Rh2 44. Rg7 Ke3 45. h7 a5 46. Rd7 a4 0-1

[Event "Korbach op-A 2nd"]
[Site "Korbach"]
[Date "2008.10.09"]
[Round "1"]
[White "Jaeger, Frank"]
[Black "Tchernyi, Andrei"]
[Result "1/2-1/2"]
[WhiteElo "1885"]
[BlackElo "2213"]
[PlyCount "113"]
[EventDate "2008.10.09"]
[EventType "swiss"]
[EventRounds "7"]
[EventCountry "GER"]
[SourceTitle "EXT 2010"]
[Source "ChessBase"]
[SourceDate "2010.11.25"]
[SourceVersion "1"]
[SourceVersionDate "2010.11.25"]
[SourceQuality "1"]

1. d4 d5 2. c4 c6 3. Nf3 Nf6 4. Nc3 dxc4 5. a4 Bf5 6. e3 e6 7. Bxc4 Be7 8. Qe2 0-0 9. 0-0 Nbd7 10. e4 Bg4 11. Re1 Qa5 12. h3 Bh5 13. Bf4 Nb6 14. Bc7 Rac8 15. Bxb6 axb6 16. e5 Nd5 17. Ne4 Rfd8 18. Ng3 Bg6 19. Bxd5 cxd5 20. Qb5 Rc2 21. Rac1 Qxb5 22. axb5 Rxb2 23. Rc7 Bf8 24. Rxb7 Rxb5 25. Rc1 Bb4 26. Rcc7 Rf8 27. h4 h6 28. h5 Bd3 29. Nh4 Kh7 30. Rxf7 Rxf7 31. Rxf7 Bc3 32. Re7 Bxd4 33. Rxe6 Rb1+ 34. Kh2 Bxf2 35. Rd6 Rb4 36. Nf3 Be4 37. e6 Bxf3 38. gxf3 Rh4+ 39. Kg2 Bxg3 40. e7 Rh2+ 41. Kxg3 Re2 42. Rxb6 Rxe7 43. Rd6 Re5 44. Kg4 g5 45. Rd7+ Kg8 46. Rd6 Kg7 47. Rg6+ Kh7 48. Rd6 Re1 49. Rxd5 Rf1 50. Rd7+ Kg8 51. Kf5 Rxf3+ 52. Kg6 g4 53. Kxh6 g3 54. Rg7+ Kf8 55. Rg4 Kf7 56. Kg5 Kg7 57. Kh4+ 1/2-1/2

[Event "Dresden ZMD op"]
[Site "Dresden"]
[Date "2005.07.31"]
[Round "9"]
[White "Tchernyi, Andrei"]
[Black "Duemmke, Juergen"]
[Result "1-0"]
[WhiteElo "2196"]
[BlackElo "2091"]
[PlyCount "55"]
[EventDate "2005.07.23"]
[EventType "swiss"]
[EventRounds "9"]
[EventCountry "GER"]
[SourceTitle "EXT 2006"]
[Source "ChessBase"]
[SourceDate "2005.11.24"]
[SourceVersion "1"]
[SourceVersionDate "2005.11.24"]
[SourceQuality "1"]

1. Nf3 Nf6 2. b3 g6 3. e3 Bg7 4. Bb2 0-0 5. c4 c5 6. Be2 Nc6 7. Qc1 d6 8. d4 Bf5 9. 0-0 cxd4 10. exd4 d5 11. Rd1 Rc8 12. Na3 Ne4 13. Nc2 dxc4 14. bxc4 Na5 15. c5 h5 16. Nh4 Bd7 17. Bf3 Nf6 18. Nb4 Bg4 19. d5 Qd7 20. Bxg4 hxg4 21. c6 Qc7 22. d6 exd6 23. Bxf6 Bxf6 24. Nd5 Qd8 25. c7 Bxa1 26. cxd8Q Rxc1 27. Qxf8+ Kxf8 28. Rxc1 1-0

[Event "Dresden ZMD op"]
[Site "Dresden"]
[Date "2005.07.29"]
[Round "7"]
[White "Tchernyi, Andrei"]
[Black "Opitz, Frank"]
[Result "0-1"]
[WhiteElo "2196"]
[BlackElo "2057"]
[PlyCount "150"]
[EventDate "2005.07.23"]
[EventType "swiss"]
[EventRounds "9"]
[EventCountry "GER"]
[SourceTitle "EXT 2006"]
[Source "ChessBase"]
[SourceDate "2005.11.24"]
[SourceVersion "1"]
[SourceVersionDate "2005.11.24"]
[SourceQuality "1"]

1. Nf3 Nc6 2. g3 e5 3. d3 Nf6 4. Bg2 Bc5 5. 0-0 d6 6. c3 Bg4 7. d4 Bb6 8. Nbd2 Qd7 9. Re1 0-0 10. Nc4 e4 11. Nfd2 Rfe8 12. Nf1 Bh3 13. Bh1 Ng4 14. Nfe3 d5 15. Nxb6 axb6 16. Nxg4 Bxg4 17. Bf4 Ne7 18. f3 Bh3 19. Qc2 Ng6 20. Be3 h5 21. b3 Re6 22. c4 c6 23. Qc3 Rae8 24. Kf2 Qe7 25. Rac1 f5 26. f4 Ra8 27. Rc2 Nf8 28. Ra1 Nd7 29. cxd5 cxd5 30. Qc7 Rb8 31. a4 Qe8 32. Bg2 Bxg2 33. Kxg2 Nf6 34. Rac1 Ng4 35. Bg1 e3 36. Qxb8 Qxb8 37. Rc8+ Qxc8 38. Rxc8+ Kf7 39. Rc7+ Re7 40. Rxe7+ Kxe7 41. h3 Nf6 42. Bxe3 Kd7 43. Bd2 Kc6 44. Bb4 b5 45. a5 Nd7 46. Be7 Nb8 47. g4 hxg4 48. hxg4 Kd7 49. Bc5 Ke6 50. Kg3 g6 51. Kh4 Kf6 52. e3 Nc6 53. Bb6 fxg4 54. Kxg4 Nb4 55. Bd8+ Ke6 56. Kg5 Nc2 57. Kxg6 Nxe3 58. Bc7 Nf5 59. Be5 Ne7+ 60. Kg7 Nc6 61. b4 Kf5 62. Kf7 Nxb4 63. Ke7 Nc6+ 64. Kd7 b4 65. Bd6 b3 66. Ba3 Nxa5 67. Bc1 Nc4 68. Kc7 b2 69. Bxb2 Nxb2 70. Kd6 Ke4 71. f5 Nc4+ 72. Kc5 b6+ 73. Kc6 Kxd4 74. f6 Ne5+ 75. Kxb6 Ke4 0-1

[Event "Hessen-ch MVT"]
[Site "Offenbach"]
[Date "2005.03.30"]
[Round "4"]
[White "Tchernyi, Andrei"]
[Black "Rubel, Julian"]
[Result "1-0"]
[WhiteElo "2174"]
[BlackElo "2057"]
[PlyCount "61"]
[EventDate "2005.03.28"]
[EventType "swiss"]
[EventRounds "9"]
[EventCountry "GER"]
[SourceTitle "EXT 2006"]
[Source "ChessBase"]
[SourceDate "2005.11.24"]
[SourceVersion "1"]
[SourceVersionDate "2005.11.24"]
[SourceQuality "1"]

1. Nf3 Nf6 2. e3 e6 3. b3 b6 4. Bb2 Bb7 5. c4 c5 6. Nc3 Be7 7. d4 0-0 8. d5 exd5 9. cxd5 d6 10. e4 a6 11. a4 Re8 12. Bd3 Nbd7 13. 0-0 Bf8 14. Nd2 Ne5 15. Be2 Nfd7 16. f4 Ng6 17. Qc2 Nf6 18. Rae1 Qb8 19. Qd3 Bc8 20. h3 Qc7 21. g4 Rb8 22. Qg3 Nd7 23. h4 Bb7 24. Nc4 Ba8 25. h5 Ne7 26. Ne3 Nc8 27. Bxa6 Na7 28. Bc4 Rbd8 29. Nf5 Nc8 30. Nb5 Qb8 31. e5 1-0

[Event "Bad Zwesten op 9th"]
[Site "Bad Zwesten"]
[Date "2005.01.08"]
[Round "9"]
[White "Tchernyi, Andrei"]
[Black "Koscielski, Janusch"]
[Result "0-1"]
[WhiteElo "2174"]
[BlackElo "2360"]
[PlyCount "88"]
[EventDate "2005.01.02"]
[EventType "swiss"]
[EventRounds "9"]
[EventCountry "GER"]
[SourceTitle "CBM 104 Extra"]
[Source "ChessBase"]
[SourceDate "2005.03.01"]
[SourceVersion "1"]
[SourceVersionDate "2005.03.01"]
[SourceQuality "1"]

1. Nf3 Nf6 2. b3 g6 3. Bb2 Bg7 4. e3 0-0 5. Be2 d6 6. d4 e5 7. c4 e4 8. Nfd2 Re8 9. Nc3 c6 10. g4 h6 11. h3 a6 12. Qc2 Qe7 13. 0-0-0 b5 14. Rde1 d5 15. c5 b4 16. Na4 Nbd7 17. f3 exf3 18. Bxf3 a5 19. e4 Ba6 20. Qd1 Qd8 21. h4 dxe4 22. Nxe4 Nxe4 23. Bxe4 Qc7 24. Qf3 Bb5 25. Rhf1 Nf6 26. Nb6 Nxe4 27. Nxa8 Rxa8 28. Qxe4 Bxf1 29. Rxf1 Qd7 30. Qf4 Rd8 31. Kc2 Re8 32. Kd3 Qe6 33. Qf3 a4 34. bxa4 Qxa2 35. Ba1 Qe6 36. a5 Ra8 37. Bb2 Qb3+ 38. Ke4 Re8+ 39. Kf4 Qxb2 40. Kg3 Qa3 41. Qxa3 bxa3 42. Rd1 Ra8 43. Kf4 a2 44. Ra1 Rxa5 0-1

[Event "Bad Zwesten op 9th"]
[Site "Bad Zwesten"]
[Date "2005.01.03"]
[Round "2"]
[White "Tchernyi, Andrei"]
[Black "Schmidt, Dietmar"]
[Result "0-1"]
[WhiteElo "2174"]
[BlackElo "1650"]
[PlyCount "112"]
[EventDate "2005.01.02"]
[EventType "swiss"]
[EventRounds "9"]
[EventCountry "GER"]
[SourceTitle "CBM 104 Extra"]
[Source "ChessBase"]
[SourceDate "2005.03.01"]
[SourceVersion "1"]
[SourceVersionDate "2005.03.01"]
[SourceQuality "1"]

1. e4 d5 2. exd5 Qxd5 3. Nc3 Qd6 4. d4 Nf6 5. Nb5 Qb6 6. c4 a6 7. Nc3 Bg4 8. Nf3 e6 9. Be2 c6 10. 0-0 Be7 11. Bf4 0-0 12. Na4 Qd8 13. c5 Nd5 14. Bg3 Nd7 15. Ne5 Bxe2 16. Qxe2 Nxe5 17. dxe5 Qa5 18. Qe4 Qb5 19. b3 Rad8 20. Rfc1 Rd7 21. Qg4 Qd3 22. Rd1 Qg6 23. Qc4 Rfd8 24. Re1 Nc7 25. Qb4 Nb5 26. Rac1 Qd3 27. Nb6 Qd2 28. Qg4 Rd4 29. f4 Qxa2 30. Bf2 Rd2 31. Be3 R2d3 32. f5 exf5 33. Qxf5 Qxb3 34. Nc4 Nd4 35. Qg4 Ne6 36. Na5 Qa3 37. Ra1 Qc3 38. Rec1 Qxe5 39. Bf2 Bxc5 40. Nxb7 Bxf2+ 41. Kxf2 Rd2+ 42. Kg1 Nf4 43. Kf1 Qb5+ 44. Kg1 Ne2+ 45. Kh1 Qxb7 46. Rf1 h6 47. Qc4 R8d4 48. Qc5 Qb5 49. Qe7 Qd5 50. Qe3 R4d3 51. Qf2 Ng3+ 52. hxg3 Rxf2 53. Rxf2 Rd1+ 54. Rxd1 Qxd1+ 55. Kh2 a5 56. Ra2 a4 0-1

[Event "Oberliga Ost-B 0304"]
[Site "Germany"]
[Date "2004.04.24"]
[Round "10.8"]
[White "Tchernyi, Andrei"]
[Black "Ballo, Harald"]
[Result "1-0"]
[WhiteElo "2089"]
[BlackElo "1992"]
[PlyCount "71"]
[EventDate "2003.11.02"]
[EventType "team-tourn"]
[EventRounds "11"]
[EventCountry "GER"]
[SourceTitle "EXT 2005"]
[Source "ChessBase"]
[SourceDate "2004.11.15"]
[SourceVersion "1"]
[SourceVersionDate "2004.11.15"]
[SourceQuality "1"]
[WhiteTeam "Kassel Hermania"]
[BlackTeam "Offenbach"]
[WhiteTeamCountry "GER"]
[BlackTeamCountry "GER"]

1. Nf3 d6 2. e4 c5 3. d4 cxd4 4. Nxd4 Nf6 5. Nc3 g6 6. Be3 Bg7 7. f3 0-0 8. Bc4 Bd7 9. Qd2 a6 10. a4 Qc7 11. Bb3 Nc6 12. Nxc6 Bxc6 13. a5 Nd7 14. h4 h5 15. Bh6 Ne5 16. Bxg7 Kxg7 17. Qd4 Kh7 18. f4 Ng4 19. Rh3 e5 20. Qc4 Rac8 21. f5 gxf5 22. Rf3 Qe7 23. Qe2 Qxh4+ 24. g3 Qh1+ 25. Rf1 Qh3 26. 0-0-0 Qxg3 27. Rd3 Qh4 28. Rxf5 Rcd8 29. Qf1 Bd7 30. Rh3 Qxh3 31. Qxh3 Bxf5 32. Qxh5+ Nh6 33. exf5 Kg7 34. Nd5 Rh8 35. Qg5+ Kf8 36. Qxd8+ 1-0

[Event "Bad Zwesten op 8th"]
[Site "Bad Zwesten"]
[Date "2004.01.05"]
[Round "6"]
[White "Schengel, Magnus"]
[Black "Tchernyi, Andrei"]
[Result "1-0"]
[WhiteElo "1746"]
[BlackElo "2089"]
[PlyCount "83"]
[EventDate "2004.01.??"]
[EventType "swiss"]
[EventRounds "9"]
[EventCountry "GER"]
[SourceTitle "CBM 098 Extra"]
[Source "ChessBase"]
[SourceDate "2004.03.10"]
[SourceVersion "2"]
[SourceVersionDate "2004.03.10"]
[SourceQuality "1"]

1. c3 d5 2. Nf3 Nf6 3. d4 g6 4. Bf4 Bg7 5. e3 0-0 6. Bd3 Nbd7 7. Nbd2 c5 8. h4 Nh5 9. Bh2 c4 10. Bc2 f5 11. Ng5 Rf6 12. g4 fxg4 13. Qxg4 Ne5 14. Qe2 Ng4 15. f3 Nxh2 16. Rxh2 Rb6 17. Rb1 h6 18. Nh3 e5 19. dxe5 Bxe5 20. f4 Bf6 21. Qg2 Bxh4+ 22. Ke2 Ng3+ 23. Kd1 Bg4+ 24. Nf3 d4 25. cxd4 Qd5 26. Nhg1 g5 27. Kc1 Qe6 28. Ne5 c3 29. bxc3 Bf5 30. Bb3 Kf8 31. Rb2 Rc8 32. Bxe6 Rxc3+ 33. Kd1 Rxe6 34. Qxb7 Re7 35. Qb4 Rc8 36. Ngf3 Ne4 37. Nxh4 gxh4 38. Rbg2 Nc3+ 39. Ke1 Nd5 40. Qd6 Rc1+ 41. Kf2 Be4 42. Qxh6+ 1-0

[Event "Bad Zwesten op 8th"]
[Site "Bad Zwesten"]
[Date "2004.01.05"]
[Round "5"]
[White "Tchernyi, Andrei"]
[Black "Kummerow, Heiko"]
[Result "0-1"]
[WhiteElo "2089"]
[BlackElo "2307"]
[PlyCount "66"]
[EventDate "2004.01.??"]
[EventType "swiss"]
[EventRounds "9"]
[EventCountry "GER"]
[SourceTitle "CBM 098 Extra"]
[Source "ChessBase"]
[SourceDate "2004.03.10"]
[SourceVersion "2"]
[SourceVersionDate "2004.03.10"]
[SourceQuality "1"]

1. e4 e6 2. d4 d5 3. exd5 exd5 4. Nf3 Nc6 5. Be2 Bd6 6. Bg5 Nge7 7. Nc3 f6 8. Bd2 a6 9. 0-0 0-0 10. h3 Be6 11. Re1 Qd7 12. Bf1 Ng6 13. Qc1 Rfe8 14. Nd1 Bf7 15. Be3 Nce7 16. c3 c6 17. b3 Nf5 18. Bd2 Bc7 19. Rxe8+ Rxe8 20. Bd3 Nd6 21. Ne3 Nf4 22. Bf1 Bg6 23. Ne1 Ne4 24. N1c2 Bh5 25. Nd1 Ne2+ 26. Bxe2 Bxe2 27. Nce3 Qd6 28. Nf1 Bxf1 29. Kxf1 Qh2 30. Be3 Qh1+ 31. Ke2 Qxg2 32. Kd3 Qxh3 33. Kc2 Nxf2 0-1

[Event "Bad Zwesten op 8th"]
[Site "Bad Zwesten"]
[Date "2004.01.03"]
[Round "3"]
[White "Tchernyi, Andrei"]
[Black "Kersten, Uwe"]
[Result "0-1"]
[WhiteElo "2089"]
[BlackElo "2336"]
[PlyCount "86"]
[EventDate "2004.01.??"]
[EventType "swiss"]
[EventRounds "9"]
[EventCountry "GER"]
[SourceTitle "CBM 098 Extra"]
[Source "ChessBase"]
[SourceDate "2004.03.10"]
[SourceVersion "2"]
[SourceVersionDate "2004.03.10"]
[SourceQuality "1"]

1. Nf3 c5 2. e3 Nf6 3. b3 g6 4. Bb2 Bg7 5. c4 0-0 6. Be2 Nc6 7. Qc1 b6 8. 0-0 Bb7 9. Rd1 d5 10. d4 cxd4 11. exd4 Rc8 12. Qf4 Na5 13. Na3 Nh5 14. Qe3 Qd6 15. Ne5 Nf6 16. c5 Qe6 17. b4 Nc4 18. Nexc4 dxc4 19. Qxe6 fxe6 20. Nxc4 Nd5 21. a3 e5 22. dxe5 Nf4 23. Bf1 bxc5 24. bxc5 Rxc5 25. Bd4 Rc7 26. Ne3 Rfc8 27. g3 Ne6 28. Bb2 Bf3 29. Ba6 Rb8 30. Bc4 Rxc4 31. Nxc4 Be2 32. Rac1 Bxc4 33. Rxc4 Rxb2 34. Rd7 Kf7 35. f4 g5 36. Rxa7 gxf4 37. gxf4 Bh6 38. a4 Bxf4 39. Ra5 Bxh2+ 40. Kh1 Bf4 41. Rd5 Ra2 42. a5 Bg3 43. Rc3 Ra1+ 0-1

[Event "Bad Zwesten op 8th"]
[Site "Bad Zwesten"]
[Date "2004.01.02"]
[Round "1"]
[White "Tchernyi, Andrei"]
[Black "Ottway, Christopher"]
[Result "1-0"]
[WhiteElo "2089"]
[BlackElo "1265"]
[PlyCount "49"]
[EventDate "2004.01.??"]
[EventType "swiss"]
[EventRounds "9"]
[EventCountry "GER"]
[SourceTitle "CBM 098 Extra"]
[Source "ChessBase"]
[SourceDate "2004.03.10"]
[SourceVersion "2"]
[SourceVersionDate "2004.03.10"]
[SourceQuality "1"]

1. e4 d6 2. d4 g6 3. Nf3 Bg7 4. c4 e6 5. Nc3 Ne7 6. Be2 0-0 7. Bg5 c5 8. dxc5 f6 9. Be3 dxc5 10. Qxd8 Rxd8 11. Bxc5 Nec6 12. 0-0 b6 13. Be3 f5 14. exf5 exf5 15. Nd5 Bxb2 16. Rab1 Bg7 17. Nc7 Bb7 18. c5 Nd7 19. Bc4+ Kh8 20. Nxa8 Bxa8 21. cxb6 axb6 22. Rfd1 Ncb8 23. Ng5 Rc8 24. Nf7+ Kg8 25. Nd6+ 1-0

[Event "Oberliga Ost-B 0304"]
[Site "Germany"]
[Date "2003.11.22"]
[Round "2.8"]
[White "Wafzig, Peter"]
[Black "Tchernyi, Andrei"]
[Result "1-0"]
[WhiteElo "2134"]
[BlackElo "2089"]
[PlyCount "127"]
[EventDate "2003.11.02"]
[EventType "team-tourn"]
[EventRounds "11"]
[EventCountry "GER"]
[SourceTitle "EXT 2005"]
[Source "ChessBase"]
[SourceDate "2004.11.15"]
[SourceVersion "1"]
[SourceVersionDate "2004.11.15"]
[SourceQuality "1"]
[WhiteTeam "Dotzheim"]
[BlackTeam "Kassel Hermania"]
[WhiteTeamCountry "GER"]
[BlackTeamCountry "GER"]

1. e4 c5 2. Nc3 Nc6 3. Nf3 Nf6 4. d4 cxd4 5. Nxd4 e5 6. Ndb5 d6 7. Bg5 a6 8. Na3 b5 9. Nd5 Be7 10. Nxe7 Nxe7 11. f3 0-0 12. c4 h6 13. Bxf6 gxf6 14. Qd2 f5 15. Qxh6 Ng6 16. cxb5 axb5 17. Nxb5 fxe4 18. fxe4 d5 19. Nc3 Rb8 20. Rb1 dxe4 21. Bc4 Bf5 22. g4 e3 23. Rd1 Qh4+ 24. Qxh4 Nxh4 25. gxf5 Ng2+ 26. Kf1 Rxb2 27. Ne2 Nh4 28. Rg1+ Kh7 29. Rg3 Rd8 30. Rxd8 Rb1+ 31. Nc1 Rxc1+ 32. Ke2 Rc2+ 33. Kxe3 Rxc4 34. Kd3 Rf4 35. Rd7 Rxf5 36. a4 Ng6 37. a5 e4+ 38. Kxe4 Rxa5 39. Rxf7+ Kh6 40. Rf6 Re5+ 41. Kd4 Rg5 42. Rxg5 Kxg5 43. Rf2 Nh4 44. Ke4 Kg4 45. Ra2 Kh3 46. Kf4 Ng6+ 47. Kg5 Ne5 48. Kf5 Nc4 49. Kf4 Nb6 50. Ra6 Nd5+ 51. Ke5 Nb4 52. Rh6+ Kg4 53. Ke4 Nc2 54. h4 Ne1 55. h5 Nf3 56. Rh8 Ng5+ 57. Kd5 Nf7 58. Rh7 Ng5 59. Rh6 Kf5 60. Ra6 Nh7 61. h6 Nf6+ 62. Kd6 Kg5 63. Ke6 Nh7 64. Kf7 1-0

[Event "Baunatal op 8th"]
[Site "Baunatal"]
[Date "2002.08.10"]
[Round "3"]
[White "Sohl, Jan"]
[Black "Tchernyi, Andrei"]
[Result "1-0"]
[WhiteElo "1712"]
[BlackElo "2072"]
[PlyCount "117"]
[EventDate "2002.08.09"]
[EventType "swiss"]
[EventRounds "7"]
[EventCountry "GER"]
[SourceTitle "EXT 2003"]
[Source "ChessBase"]
[SourceDate "2002.11.25"]
[SourceVersion "1"]
[SourceVersionDate "2002.11.25"]
[SourceQuality "1"]

1. e4 c5 2. Nf3 Nc6 3. d4 cxd4 4. Nxd4 Nf6 5. Nc3 e5 6. Ndb5 d6 7. Bg5 a6 8. Na3 b5 9. Nd5 Be7 10. Bxf6 Bxf6 11. c4 Bg5 12. cxb5 Qa5+ 13. Nc3 Nd4 14. Nc2 axb5 15. Nxd4 exd4 16. Bxb5+ Ke7 17. Qxd4 Bf6 18. Qd3 Rb8 19. a4 Rxb5 20. Qxb5 Bxc3+ 21. bxc3 Qxc3+ 22. Ke2 Be6 23. Rac1 Qd4 24. Rhe1 Re8 25. Kf1 Kf8 26. Kg1 g6 27. a5 h5 28. e5 Bf5 29. exd6 Rd8 30. Qe5 Qxe5 31. Rxe5 Rxd6 32. Ra1 Bc8 33. Rb5 Ke7 34. Rb6 Rd7 35. f3 Ra7 36. Kf2 Kd8 37. Ke3 h4 38. Kd4 Ke7 39. Kc5 Bd7 40. a6 Bc8 41. Kb5 Kd8 42. Rc1 Bd7+ 43. Ka5 Ra8 44. Rb7 Ke8 45. Kb6 Be6 46. a7 Bd5 47. Rb8+ Ke7 48. Rxa8 Bxa8 49. Rc8 h3 50. gxh3 Bxf3 51. Rc6 Bxc6 52. Kxc6 f5 53. a8Q Kf6 54. Kd5 Kg5 55. Ke5 Kh4 56. Qh8+ Kg5 57. Qg7 f4 58. h4+ Kh5 59. Kxf4 1-0